| Tag |
First Indicator |
Second Indicator |
Subfields |
| LEADER |
00000cam a22000008a 4500 |
| 001 |
in00002328021 |
| 005 |
20151108041606.0 |
| 008 |
070809s2007 oncab b 001 0 eng |
| 016 |
|
|
|a 20079008186
|
| 020 |
|
|
|a 9781554072743 (pbk.)
|
| 020 |
|
|
|a 1554072743 (pbk.)
|
| 020 |
|
|
|a 9781554073344 (bound)
|
| 020 |
|
|
|a 1554073340 (bound)
|
| 029 |
0 |
|
|a NLC
|b 20079008186
|
| 035 |
|
|
|a (OCoLC)ocm81601404
|
| 035 |
|
|
|a (OCoLC)ocn81601404
|
| 035 |
|
|
|a (OCoLC)163575893
|
| 035 |
|
|
|a (OCoLC)81601404
|
| 040 |
|
|
|a NLC
|b eng
|c NLC
|d BAKER
|d BTCTA
|d YDXCP
|d JED
|d CUS
|d TXA
|d UtOrBLW
|
| 049 |
|
|
|a TXAM
|
| 055 |
|
3 |
|a QL696 S473
|b L96 2007
|
| 082 |
0 |
|
|a 598.47
|2 22
|
| 090 |
|
|
|a QL696.S473
|b L96 2007
|
| 100 |
1 |
|
|a Lynch, Wayne.
|
| 245 |
1 |
0 |
|a Penguins of the world /
|c text and photographs by Wayne Lynch.
|
| 250 |
|
|
|a 2nd ed.
|
| 264 |
|
1 |
|a Richmond Hill, Ont. :
|b Firefly Books,
|c 2007.
|
| 300 |
|
|
|a 175 pages :
|b color illustrations, color maps ;
|c 29 cm.
|
| 336 |
|
|
|a text
|b txt
|2 rdacontent
|
| 337 |
|
|
|a unmediated
|b n
|2 rdamedia
|
| 338 |
|
|
|a volume
|b nc
|2 rdacarrier
|
| 504 |
|
|
|a Includes bibliographical references and index.
|
| 650 |
|
0 |
|a Penguins.
|
| 650 |
|
0 |
|a Penguins
|v Pictorial works.
|
| 938 |
|
|
|a Baker & Taylor
|b BKTY
|c 24.95
|d 18.71
|i 1554072743
|n 0007218303
|s active
|
| 938 |
|
|
|a Baker & Taylor
|b BKTY
|c 34.95
|d 26.21
|i 1554073340
|n 0007218262
|s active
|
| 938 |
|
|
|a Baker and Taylor
|b BTCP
|n BK0007218303
|
| 938 |
|
|
|a YBP Library Services
|b YANK
|n 2573479
|
| 948 |
|
|
|a cataloged
|b h
|c 2007/9/12
|d c
|e jgreene
|f 5:54:44 pm
|
| 994 |
|
|
|a C0
|b TXA
|
| 999 |
|
|
|a MARS
|
| 999 |
f |
f |
|s b72fa61e-e542-3f87-9fef-34bd4de5946e
|i 350e5131-91ca-3468-89df-2f692d52d756
|t 0
|
| 952 |
f |
f |
|p normal
|a Texas A&M University
|b College Station
|c Sterling C. Evans Library
|d Evans: Library Stacks
|t 0
|e QL696.S473 L96 2007
|h Library of Congress classification
|i unmediated -- volume
|m A14836234309
|
| 998 |
f |
f |
|a QL696.S473 L96 2007
|t 0
|l Evans: Library Stacks
|